| 000 | 01167cab a2200241 i 4500 | ||
|---|---|---|---|
| 001 | 768714001 | ||
| 003 | CO-MdFUSB | ||
| 005 | 20230111084127.0 | ||
| 008 | 180613s1991 gt ||||| |||| 00| 0 spa d | ||
| 022 | _a1014-9341 | ||
| 040 |
_aCO-MdFUSB _bspa _cCO-MdFUSB _dCO-MdFUSB |
||
| 041 | _aspa | ||
| 100 | 1 |
_aSywulka, Pablo _eautor |
|
| 245 | 0 | 0 |
_aEl sufrimiento de Cristo como patrón para el creyente en I Pedro _c/ Pablo Sywulka |
| 300 |
_aNúmero 8 (Enero - Junio, 1991), páginas 53-66 _c; 22 cm |
||
| 520 | _aEn este artículo se estudia el material que provee Pedro en su primera carta sobre el sufrimiento. La epístola enseña que los sufrimientos de Cristo son un ejemplo para el cristiano. El cristiano debe seguir el ejemplo de Cristo al reaccionar al sufrimiento y reconocer los carios beneficios que son el resultado de sufrir. | ||
| 600 | _yJesucristo -- Pasión. | ||
| 630 | 0 | 7 |
_aBiblia. _pPedro, 1ª |
| 650 | 0 |
_aTeología práctica _9180 |
|
| 773 | 0 |
_tKairós _049489 _961209 _gNúmero 8 (Enero - Junio, 1991), páginas 53-66 _qPágina 53 |
|
| 773 | 0 |
_049489 _961208 _gNúmero 8 (Enero - Junio, 1991), páginas 53-66 _qpágina 53 _tKairós |
|
| 942 | _cANA | ||
| 999 |
_c51162 _d51162 |
||